00385nam a2200145Ia 4500003000400000008004100004040001600045082001300061100001300074245006300087260004200150300001000192650001500202650002200217GCL140319s9999 xx 000 0 eng d aGCL / cGCL04a843bM E1 aMARIVOUX10aL'ECOLE DES MERES SUIVI DE LA MERE CONFIDENTE / cMARIVOUX a[S.N] : bLE LIVRE DE POCHE ، c1992 a249 P04aLITERATURE04aFRENCH LITERATURE